Propuesta para mejorar la calidad en el servicio en un restaurante en Ajijic, Jalisco /

Furkejuvvon:
Bibliográfalaš dieđut
Váldodahkki: Brachet de Lavenne de Choulot, Dosia Guadalupe María (autor)
Eará dahkkit: Carter Garibaldi, María Pía (autor) (autor)
Materiálatiipa: Oahppočájánas Girji
Giella:espánnjágiella
Fáttát:
Fáddágilkorat: Lasit fáddágilkoriid
Eai fáddágilkorat, Lasit vuosttaš fáddágilkora!

MARC

LEADER 00000nam^a2200000^a^4500
001 000092058
005 20250521000000.0
009 20260310092709.778
037 |a Acervo ITESO - Biblioteca 
041 |a ESP 
090 |a LAE. 418 
100 |a Brachet de Lavenne de Choulot, Dosia Guadalupe María  |e (autor) 
245 1 0 |a Propuesta para mejorar la calidad en el servicio en un restaurante en Ajijic, Jalisco /  |c D.G.M. Bracher de Lavenne de Choulot, M.P. Carter Garibaldi. 
264 |a Guadalajara, México :  |b edición de autor,  |c 1998 
300 |a 119 p. 
336 |a texto  |b txt  |2 rdacontenido 
337 |a sin mediación  |b n  |2 rdamedio 
338 |a volumen  |b nc  |2 rdasoporte 
502 |a ITESO Tesis de Licenciatura en Administración de Empresas 
649 |a XX 
650 |a Calidad en el Servicio 
650 |a Control de Calidad 
650 |a Organización Administrativa 
650 |a Proceso Administrativo 
650 |a Administración 
650 |a Relaciones Públicas 
650 |a Mercadotecnia 
650 |a Ciencias Administrativas 
650 |a Cafeterías y Restaurantes -  |z Ajijic, Jalisco 
700 |a Carter Garibaldi, María Pía  |e (autor) 
910 |a Fondo General 
920 |a Impresos - Tesis del ITESO 
930 |a Colección General 
905 |a 104 
901 |a 0500212002  |b IT2  |c TSS  |u 20250521 
902 |a https://opac.biblio.iteso.mx/vufind/Record/000092058